Medieval children / (Record no. 1028)

000 -LEADER
fixed length control field 01279nam a22003737a 4500
001 - CONTROL NUMBER
control field 12366228
003 - CONTROL NUMBER IDENTIFIER
control field OSt
005 - DATE AND TIME OF LATEST TRANSACTION
control field 20210426120123.0
008 - FIXED-LENGTH DATA ELEMENTS--GENERAL INFORMATION
fixed length control field 010402s2001 ctua b 001 0 eng
010 ## - LIBRARY OF CONGRESS CONTROL NUMBER
LC control number 2001026172
020 ## - INTERNATIONAL STANDARD BOOK NUMBER
International Standard Book Number 0300085419 (alk. paper)
040 ## - CATALOGING SOURCE
Original cataloging agency DLC
Transcribing agency DLC
Modifying agency DLC
Language of cataloging eng
041 ## - LANGUAGE CODE
Language code of text/sound track or separate title eng
042 ## - AUTHENTICATION CODE
Authentication code pcc
043 ## - GEOGRAPHIC AREA CODE
Geographic area code e-uk-en
050 00 - LIBRARY OF CONGRESS CALL NUMBER
Classification number HQ792.G7
Item number O74 2001
080 ## - UNIVERSAL DECIMAL CLASSIFICATION NUMBER
Universal Decimal Classification number 94
Item number O-76
082 00 - DEWEY DECIMAL CLASSIFICATION NUMBER
Classification number 305.23/0942/0902
Edition number 21
100 1# - MAIN ENTRY--PERSONAL NAME
Personal name Orme, Nicholas.
245 10 - TITLE STATEMENT
Title Medieval children /
Statement of responsibility, etc. Nicholas Orme.
Remainder of title / by: Yale University Press
260 ## - PUBLICATION, DISTRIBUTION, ETC.
Place of publication, distribution, etc. New Haven
Name of publisher, distributor, etc. Yale University Press
Date of publication, distribution, etc. c2001.
300 ## - PHYSICAL DESCRIPTION
Extent xii, 387 p.
Other physical details ill. (some col.) ;
Dimensions 26 cm.
504 ## - BIBLIOGRAPHY, ETC. NOTE
Bibliography, etc. note Includes bibliographical references and index.
650 #0 - SUBJECT ADDED ENTRY--TOPICAL TERM
Topical term or geographic name entry element Children
Geographic subdivision England
General subdivision History.
650 #0 - SUBJECT ADDED ENTRY--TOPICAL TERM
Topical term or geographic name entry element History
9 (RLIN) 252
650 #0 - SUBJECT ADDED ENTRY--TOPICAL TERM
Topical term or geographic name entry element Social history
Chronological subdivision Medieval, 500-1500.
651 #0 - SUBJECT ADDED ENTRY--GEOGRAPHIC NAME
Geographic name England
General subdivision Social conditions
Chronological subdivision 1066-1485.
653 ## - INDEX TERM--UNCONTROLLED
Uncontrolled term ისტორია
653 ## - INDEX TERM--UNCONTROLLED
Uncontrolled term შუა საუკუნეები
653 ## - INDEX TERM--UNCONTROLLED
Uncontrolled term ინგლისი
906 ## - LOCAL DATA ELEMENT F, LDF (RLIN)
a 7
b cbc
c orignew
d 1
e ocip
f 20
g y-gencatlg
942 ## - ADDED ENTRY ELEMENTS (KOHA)
Source of classification or shelving scheme
Koha item type Books
Holdings
Withdrawn status Lost status Source of classification or shelving scheme Damaged status Not for loan Permanent location Current location Date acquired Inventory number Total Checkouts Full call number Barcode Date last seen Price effective from Koha item type
          Ken Walker International University Ken Walker International University 01/28/2021 2560   94 O-76 2560 01/28/2021 01/28/2021 Books

Powered by Koha